| Tag |
First Indicator |
Second Indicator |
Subfields |
| LEADER |
00000cam a2200000 i 4500 |
| 001 |
in00004789618 |
| 008 |
230623t20242024nyuaf b 001 0aeng d |
| 005 |
20240514142409.7 |
| 010 |
|
|
|a 2023943070
|
| 035 |
|
|
|a (OCoLC)on1385301717
|
| 040 |
|
|
|a YDX
|e rda
|c YDX
|d NYP
|d IND
|d CPP
|d AUM
|d EIK
|d EAU
|d NRC
|d TXA
|
| 020 |
|
|
|a 9781598537727
|q (hardcover)
|
| 020 |
|
|
|a 1598537725
|q (hardcover)
|
| 035 |
|
|
|a (OCoLC)1385301717
|
| 082 |
0 |
|
|a 362.4/1/092
|a B
|2 23
|
| 090 |
|
|
|a HV1624.K4
|b A3 2024
|
| 100 |
1 |
|
|a Keller, Helen,
|d 1880-1968,
|e author.
|
| 245 |
1 |
0 |
|a Helen Keller :
|b autobiographies & other writings : the story of my life : the world I live in : essays, speeches, letters & journals /
|c Helen Keller ; Kim E. Nielsen, editor.
|
| 264 |
|
1 |
|a New York :
|b Library of America,
|c [2024].
|
| 264 |
|
4 |
|c ©2024.
|
| 300 |
|
|
|a xiii, 640 pages, [16] pages of plates :
|b illustrations ;
|c 21 cm.
|
| 336 |
|
|
|a text
|b txt
|2 rdacontent
|
| 337 |
|
|
|a unmediated
|b n
|2 rdamedia
|
| 338 |
|
|
|a volume
|b nc
|2 rdacarrier
|
| 490 |
1 |
|
|a Library of America ;
|v 378
|
| 504 |
|
|
|a Includes bibliographical references and index.
|
| 505 |
0 |
0 |
|t Story of my life --
|t World I live in --
|t Essays, speeches, letters & journals
|
| 520 |
|
|
|a A deluxe hardcover edition of Keller's classic memoir The Story of My Life, presented in complete and unredacted form, along with the brilliant, still-underappreciated personal essays of The World I Live In, in which Keller reflects on the senses, language, philosophy, dreams and belief. Includes a selection of more than a dozen essays, speeches and letters, most of them out-of-print, previously uncollected or previously unpublished, revealing Keller's thoughts on religion and faith, women's rights and workers' rights, racial injustice and the peace movement. Chapters from her later memoir Midstream recall her friendship with Mark Twain and memories of her mother.
|
| 600 |
1 |
0 |
|a Keller, Helen,
|d 1880-1968.
|
| 650 |
|
0 |
|a Deafblind women
|z United States
|v Biography.
|
| 650 |
|
0 |
|a People with disabilities
|z United States
|v Biography.
|
| 650 |
|
0 |
|a Senses and sensation.
|
| 650 |
|
0 |
|a Perception.
|
| 655 |
|
7 |
|a BIOGRAPHY & AUTOBIOGRAPHY / People with Disabilities.
|2 bisacsh
|
| 700 |
1 |
|
|a Nielsen, Kim E.,
|e editor.
|
| 830 |
|
0 |
|a Library of America ;
|v 378.
|
| 948 |
|
|
|a dmitchel 5/14/24 9.20.10
|
| 994 |
|
|
|a Z0
|b TXA
|
| 999 |
f |
f |
|s 80fff638-f632-47ee-9ed7-0969feda4c50
|i df0631e4-5600-4199-8325-5f0ae1096563
|t 0
|
| 952 |
f |
f |
|p normal
|a Texas A&M University
|b College Station
|c Sterling C. Evans Library
|d Evans: Library Stacks
|t 0
|e HV1624.K4 A3 2024
|h Library of Congress classification
|i unmediated -- volume
|m A14852167908
|
| 998 |
f |
f |
|a HV1624.K4 A3 2024
|t 0
|l Evans: Library Stacks
|